000 00272nam a22001217a 4500
008 181017b xxu||||| |||| 00| 0 eng d
041 _aeng
080 _a621
100 _a27
101 _aeng
245 _aEngineering Mechanics Statics
_cMeriam.j.l
942 _2udc
_cBK
999 _c49989
_d49989